Normal view
MARC view
- P.J.E Peebles
Entry Personal Name
001 - CONTROL NUMBER
- control field: 10522
003 - CONTROL NUMBER IDENTIFIER
- control field: NUST
005 - DATE AND TIME OF LATEST TRANSACTION
- control field: 20180525070357.0
008 - FIXED-LENGTH DATA ELEMENTS
- fixed length control field: 180525|| aca||aabn | a|a d
040 ## - CATALOGING SOURCE
- Original cataloging agency: NUST
- Transcribing agency: NUST
100 ## - HEADING--PERSONAL NAME
- Personal name: P.J.E Peebles
670 ## - SOURCE DATA FOUND
- Source citation: Work cat.: (NUST): P.J.E Peebles , Principles of Physical Cosmology , 1993
